Loading...
Science - Chemistry | 0 | 4 | 2 | 0 | 30 | 35 | 68.50 | 1 | 2 |
Social Science | 0 | 3 | 0 | 0 | 30 | 76 | 88.33 | 0 | 0 |
Literature - World Literature | 0 | 2 | 0 | 0 | 20 | 95 | 109.00 | 0 | 0 |
History - European History | 0 | 2 | 0 | 0 | 20 | 53 | 61.00 | 0 | 0 |
History - World History | 0 | 2 | 0 | 0 | 20 | 65 | 86.50 | 0 | 0 |
Painting/Sculpture | 0 | 2 | 0 | 0 | 20 | 86 | 92.00 | 1 | 1 |
Fine Arts - Classical Music | 0 | 2 | 1 | 0 | 15 | 78 | 95.00 | 0 | 2 |
History - Other History | 0 | 1 | 0 | 1 | 10 | 94 | 94.00 | 0 | 0 |
Mythology | 0 | 1 | 0 | 0 | 10 | 37 | 37.00 | 0 | 1 |
Philosophy | 0 | 1 | 0 | 1 | 10 | 111 | 111.00 | 0 | 0 |
Pop Culture | 0 | 1 | 0 | 0 | 10 | 39 | 39.00 | 0 | 0 |
Science - Biology | 0 | 2 | 2 | 0 | 10 | 49 | 64.00 | 0 | 0 |
Science - Other Science | 0 | 1 | 0 | 0 | 10 | 106 | 106.00 | 0 | 0 |
Science - Physics | 0 | 1 | 1 | 1 | 5 | 78 | 78.00 | 0 | 0 |
Literature - American Literature | 0 | 1 | 1 | 0 | 5 | 96 | 96.00 | 0 | 0 |
Literature - British Literature | 0 | 1 | 1 | 0 | 5 | 85 | 85.00 | 0 | 0 |
Religion | 0 | 0 | 0 | 0 | 0 | 0.00 | 0 | 0 | |
History - American History | 0 | 1 | 2 | 1 | 0 | 100 | 100.00 | 0 | 0 |
Current Events | 0 | 1 | 2 | 1 | 0 | 109 | 109.00 | 0 | 0 |
Literature - European Literature | 0 | 0 | 1 | 0 | -5 | 0.00 | 0 | 0 | |
Fine Arts - Other Fine Arts | 0 | 0 | 1 | 0 | -5 | 0.00 | 0 | 0 |